000 00670nam a2200253Ia 4500
003 OSt
005 20221006150035.0
006 a|||||r|||| 00| 0
007 ta
008 221006b |||||||| |||| 00| 0 jpn d
020 _c¥6800
024 _a16,863
037 _bGift, Japan Foundation
_cTextual
040 _aEASL
_cEASL
_bjpn
041 _2jpn
_ajpn
082 _aC9B2.24.N90, N0
245 0 _aGenshiryoku Nenkan
260 _aTokyo
_bNohon Genshiryoku Sangyo Kaigi Japan
_c1990
300 _a584p.
_ccm.
490 _v RR
650 _aJL
942 _hC9B2.24.N90, N0
_cTEXL
_2CC
999 _c1084949
_d1084949